000 00283nam a22001217a 4500
020 _a9788189401399
082 _a624.1821
_bRAM/LI
100 _aRamachandra
_9195
245 _aLimit State Design
260 _aNew Delhi
_bStandard Book House
_c2011
300 _a1137
942 _cBK
999 _c14161
_d14161